| 000 | 00856nam a22002177a 4500 | ||
|---|---|---|---|
| 001 | 74572 | ||
| 003 | BD-RjUL | ||
| 005 | 20211209082554.0 | ||
| 008 | 181028s1978 ii ||||| |||| 00| 0 eng d | ||
| 035 | _a(BD-RjUL)74790 | ||
| 040 |
_aBD-RjUL _bben _cBD-RjUL |
||
| 041 | _aben | ||
| 082 |
_223 _a891.4414 _bDAS 1978 |
||
| 100 |
_aদাস, ক্ষুদিরাম _9224320 |
||
| 245 | 1 | 0 |
_aসমাজ প্রগতি রবীন্দ্রনাথ / _cক্ষুদিরাম দাস |
| 260 |
_aকলিকাতা : _bইউ.এন.ধর য়্যাণ্ড সন্স প্রা: লি: , |
||
| 300 |
_a২১৪ পৃ.; _c২৪ সেমি. |
||
| 600 |
_aঠাকুর, রবীন্দ্রনাথ _d১৮৬১-১৯৪১ _9224328 |
||
| 600 |
_aTagore, Rabindranath _d1861-1941 _9224329 |
||
| 942 |
_2ddc _cBK |
||
| 999 |
_c74572 _d74572 |
||